Wonder Woman Villain Slideshow Quiz Stats

 Plays Quiz not verified by Sporcle

Challenge
Share
Tweet
Score 0/15 Timer 04:00
0 Plays Today
% Correct
Cheetah
98.8%
Ares
93.5%
Giganta
87.3%
Circe
75.2%
Maxwell Lord
55%
Dr. Psycho
52.2%
Egg Fu
47.2%
Hades
46.3%
% Correct
Silver Swan
45.3%
Angle Man
44.4%
Strife
33.5%
Apollo
32.6%
First Born
32%
Medusa
11.2%
Deimos
5.3%

You're not logged in!

Compare scores with friends on all Sporcle quizzes.
OR
Log In

You Might Also Like...

Show Comments

Extras

Top Quizzes Today


Score Distribution

Your Account Isn't Verified!

In order to create a playlist on Sporcle, you need to verify the email address you used during registration. Go to your Sporcle Settings to finish the process.

Report this User

Report this user for behavior that violates our Community Guidelines.

Details: